<?xml version='1.0' encoding='UTF-8'?>
  <record xmlns="http://www.loc.gov/MARC21/slim">
    <leader>00000cam a2200000   4500</leader>
    <controlfield tag="001">ocm03979794</controlfield>
    <controlfield tag="003">OCoLC</controlfield>
    <controlfield tag="005">20250902091404.5</controlfield>
    <controlfield tag="008">700218s1858    ne f     b    000 0 dut  </controlfield>
    <datafield tag="040" ind1=" " ind2=" ">
      <subfield code="a">NLM</subfield>
      <subfield code="b">eng</subfield>
      <subfield code="c">NLM</subfield>
      <subfield code="d">YUS</subfield>
      <subfield code="d">GZM</subfield>
      <subfield code="d">NLGGC</subfield>
      <subfield code="d">UKMGB</subfield>
      <subfield code="d">OCLCF</subfield>
      <subfield code="d">OCLCQ</subfield>
      <subfield code="d">OCLCO</subfield>
      <subfield code="d">L2U</subfield>
      <subfield code="d">OCLCQ</subfield>
      <subfield code="d">OCLCO</subfield>
      <subfield code="d">WURST</subfield>
      <subfield code="d">OCLCO</subfield>
      <subfield code="d">OCLCL</subfield>
      <subfield code="d">NLM</subfield>
      <subfield code="d">OCLCQ</subfield>
    </datafield>
    <datafield tag="016" ind1="7" ind2=" ">
      <subfield code="a">0232256</subfield>
      <subfield code="2">DNLM</subfield>
    </datafield>
    <datafield tag="016" ind1="7" ind2=" ">
      <subfield code="a">001607282</subfield>
      <subfield code="2">Uk</subfield>
    </datafield>
    <datafield tag="019" ind1=" " ind2=" ">
      <subfield code="a">14538917</subfield>
      <subfield code="a">560855028</subfield>
    </datafield>
    <datafield tag="029" ind1="0" ind2=" ">
      <subfield code="a">NLM</subfield>
      <subfield code="b">0232256</subfield>
    </datafield>
    <datafield tag="029" ind1="1" ind2=" ">
      <subfield code="a">NLGGC</subfield>
      <subfield code="b">055874290</subfield>
    </datafield>
    <datafield tag="035" ind1=" " ind2=" ">
      <subfield code="a">(OCoLC)3979794</subfield>
      <subfield code="z">(OCoLC)14538917</subfield>
      <subfield code="z">(OCoLC)560855028</subfield>
    </datafield>
    <datafield tag="050" ind1=" " ind2="4">
      <subfield code="a">QH205</subfield>
      <subfield code="b">.H37 1854</subfield>
    </datafield>
    <datafield tag="060" ind1="0" ind2="0">
      <subfield code="a">QH</subfield>
      <subfield code="b">H329n 1858</subfield>
    </datafield>
    <datafield tag="084" ind1=" " ind2=" ">
      <subfield code="a">33.18</subfield>
      <subfield code="2">bcl</subfield>
    </datafield>
    <datafield tag="084" ind1=" " ind2=" ">
      <subfield code="a">33.03</subfield>
      <subfield code="2">bcl</subfield>
    </datafield>
    <datafield tag="100" ind1="1" ind2=" ">
      <subfield code="a">Harting, P.</subfield>
      <subfield code="q">(Pieter),</subfield>
      <subfield code="d">1812-1885.</subfield>
      <subfield code="1">https://id.oclc.org/worldcat/entity/E39PBJxcQYdVWjGXdP99PyhCQq</subfield>
    </datafield>
    <datafield tag="245" ind1="1" ind2="3">
      <subfield code="a">De nieuwste verbeteringen van het mikroskoop en zijn gebruik, sedert 1850.</subfield>
    </datafield>
    <datafield tag="260" ind1=" " ind2=" ">
      <subfield code="a">Tiel,</subfield>
      <subfield code="b">H.C.A. Campagne,</subfield>
      <subfield code="c">1858.</subfield>
    </datafield>
    <datafield tag="300" ind1=" " ind2=" ">
      <subfield code="a">176, 16, 21 pages</subfield>
      <subfield code="b">plates</subfield>
    </datafield>
    <datafield tag="336" ind1=" " ind2=" ">
      <subfield code="a">text</subfield>
      <subfield code="b">txt</subfield>
      <subfield code="2">rdacontent</subfield>
    </datafield>
    <datafield tag="337" ind1=" " ind2=" ">
      <subfield code="a">unmediated</subfield>
      <subfield code="b">n</subfield>
      <subfield code="2">rdamedia</subfield>
    </datafield>
    <datafield tag="338" ind1=" " ind2=" ">
      <subfield code="a">volume</subfield>
      <subfield code="b">nc</subfield>
      <subfield code="2">rdacarrier</subfield>
    </datafield>
    <datafield tag="500" ind1=" " ind2=" ">
      <subfield code="a">"Beschrijving van eenen nieuwen verlichtings-toestel voor doorsehijnende mikroskopische voorwerpen, door P. Harting": 61 p.; "Verslag over den vermoedelijken uitvinder van het mikroskoop, door P. Harting en C.J. Matthes": 15 p.; "De nieuwere lenzenstelsels van Merz en van Hartnack, en de grenzen van het optisch vermogen onzer hedendaagsche mikroskopen door P. Harting": 21 p., inserted at end.</subfield>
    </datafield>
    <datafield tag="500" ind1=" " ind2=" ">
      <subfield code="a">Bound with his Die gebräuchlichen mikrometrischen Masse in Decimalbrüchen und in gemeinen Brüchen, Braunschweig, 1859, and Bijdragen tot de geschiedenis der mikroskopen in ons vaderland, Utrecht, 1846.</subfield>
    </datafield>
    <datafield tag="504" ind1=" " ind2=" ">
      <subfield code="a">Includes bibliographical references.</subfield>
    </datafield>
    <datafield tag="650" ind1=" " ind2="0">
      <subfield code="a">Microscopy.</subfield>
    </datafield>
    <datafield tag="650" ind1=" " ind2="0">
      <subfield code="a">Microscopes.</subfield>
    </datafield>
    <datafield tag="600" ind1="1" ind2="2">
      <subfield code="a">Hartnack, Edmund,</subfield>
      <subfield code="d">1826-1891.</subfield>
    </datafield>
    <datafield tag="600" ind1="1" ind2="2">
      <subfield code="a">Merz, Georg,</subfield>
      <subfield code="d">1793-1867.</subfield>
    </datafield>
    <datafield tag="650" ind1=" " ind2="6">
      <subfield code="a">Microscopie.</subfield>
    </datafield>
    <datafield tag="650" ind1=" " ind2="6">
      <subfield code="a">Microscopes.</subfield>
    </datafield>
    <datafield tag="650" ind1=" " ind2="7">
      <subfield code="a">microscopy.</subfield>
      <subfield code="2">aat</subfield>
    </datafield>
    <datafield tag="650" ind1=" " ind2="7">
      <subfield code="a">33.18 classical optics.</subfield>
      <subfield code="0">(NL-LeOCL)077595610</subfield>
      <subfield code="2">bcl</subfield>
    </datafield>
    <datafield tag="650" ind1=" " ind2="7">
      <subfield code="a">33.03 measurement and instrumentation in physics.</subfield>
      <subfield code="0">(NL-LeOCL)080452558</subfield>
      <subfield code="2">bcl</subfield>
    </datafield>
    <datafield tag="650" ind1=" " ind2="7">
      <subfield code="a">Microscopes.</subfield>
      <subfield code="2">fast</subfield>
      <subfield code="0">(OCoLC)fst01020051</subfield>
    </datafield>
    <datafield tag="650" ind1=" " ind2="7">
      <subfield code="a">Microscopy.</subfield>
      <subfield code="2">fast</subfield>
      <subfield code="0">(OCoLC)fst01020062</subfield>
    </datafield>
    <datafield tag="650" ind1="1" ind2="7">
      <subfield code="a">Microscopen.</subfield>
      <subfield code="2">gtt</subfield>
    </datafield>
    <datafield tag="650" ind1="1" ind2="7">
      <subfield code="a">Microscopie.</subfield>
      <subfield code="2">gtt</subfield>
    </datafield>
    <datafield tag="650" ind1="1" ind2="7">
      <subfield code="a">Technische ontwikkeling.</subfield>
      <subfield code="2">gtt</subfield>
    </datafield>
    <datafield tag="653" ind1="0" ind2="0">
      <subfield code="a">microscopen</subfield>
    </datafield>
    <datafield tag="653" ind1="0" ind2="0">
      <subfield code="a">microscopes</subfield>
    </datafield>
    <datafield tag="653" ind1="1" ind2="0">
      <subfield code="a">Industrial Sector</subfield>
    </datafield>
    <datafield tag="655" ind1=" " ind2="7">
      <subfield code="a">Surveys (form)</subfield>
      <subfield code="0">(NL-LeOCL)088144283</subfield>
      <subfield code="2">gtt</subfield>
    </datafield>
    <datafield tag="700" ind1="1" ind2=" ">
      <subfield code="a">Matthes, Carel Johannes,</subfield>
      <subfield code="d">1811-1882.</subfield>
    </datafield>
    <datafield tag="758" ind1=" " ind2=" ">
      <subfield code="i">has work:</subfield>
      <subfield code="a">De nieuwste verbeteringen van het mikroskoop en zijn gebruik, sedert 1850 (Text)</subfield>
      <subfield code="1">https://id.oclc.org/worldcat/entity/E39PCFKtVHGy999crJ8fHx4hxP</subfield>
      <subfield code="4">https://id.oclc.org/worldcat/ontology/hasWork</subfield>
    </datafield>
    <datafield tag="776" ind1="0" ind2="8">
      <subfield code="i">Online version:</subfield>
      <subfield code="a">Harting, P. (Pieter), 1812-1885.</subfield>
      <subfield code="t">Nieuwste verbeteringen van het mikroskoop en zijn gebruik, sedert 1850.</subfield>
      <subfield code="d">Tiel, H.C.A. Campagne, 1858</subfield>
      <subfield code="w">(OCoLC)1438708998</subfield>
    </datafield>
  </record>